Information services & use.
Saved in:
| Previous Title: | Infomediary |
|---|---|
| Format: | Journal |
| Language: | English |
| Published: |
Amsterdam :
North Holland Pub. Co.,
1981-.
|
| Subjects: | |
| Online Access: | Address for accessing the journal using authorization number and password through OCLC FirstSearch Electronic Collections Online. Subscription to online journal required for access to abstracts and full text Address for accessing the journal from an authorized IP address through OCLC FirstSearch Electronic Collections Online. Subscription to online journal required for access to abstracts and full text |
| LEADER | 03603cas a2200685 a 4500 | ||
|---|---|---|---|
| 001 | c000188634 | ||
| 003 | CARM | ||
| 005 | 20060801143733.0 | ||
| 008 | 811104c19819999ne brzp b 0 a0eng d | ||
| 010 | |a 82640549 | ||
| 019 | 1 | |a 2294163 |5 LACONCORD2021 | |
| 022 | |a 0167-5265 | ||
| 030 | |a ISUDX8 | ||
| 035 | |a (OCoLC)7904883 |5 LACONCORD2021 | ||
| 040 | |a DNAL |b eng |c DNAL |d DLC |d NST |d OCoLC |d AIP |d MH |d NSDP |d LC | ||
| 042 | |a lc | ||
| 050 | 0 | |a Z699.A1 |b I613 | |
| 050 | 0 | 0 | |a Z699.A1 |b I613 |
| 072 | 0 | |a X200 | |
| 082 | 0 | 4 | |a 025/.04/05 |2 19 |
| 210 | 0 | |a Inf. serv. use | |
| 222 | 0 | |a Information services & use | |
| 245 | 0 | 0 | |a Information services & use. |
| 246 | 1 | 0 | |a Information services and use |
| 260 | |a Amsterdam : |b North Holland Pub. Co., |c 1981-. | ||
| 300 | |a v. ; |c 26 cm. | ||
| 310 | |a Bimonthly | ||
| 362 | 0 | |a Vol. 1, no. 1 (Mar. 1981)- | |
| 500 | |a Title from cover. | ||
| 510 | 1 | |a Computer & control abstracts |x 0036-8113 |b March 1981- | |
| 510 | 1 | |a Electrical & electronics abstracts |x 0036-8105 |b March 1981- | |
| 510 | 1 | |a Management contents |b 1981- | |
| 510 | 1 | |a Physics abstracts. Science abstracts. Series A |x 0036-8091 |b March 1981- | |
| 510 | 2 | |a Electronic publishing abstracts |x 0739-2907 | |
| 510 | 2 | |a Electronics and communications abstracts journal (Riverdale) |x 0361-3313 | |
| 510 | 2 | |a FLUIDEX |b 1981- | |
| 510 | 2 | |a ISMEC bulletin |x 0306-0039 | |
| 510 | 2 | |a Library & information science abstracts |x 0024-2179 | |
| 510 | 2 | |a Pollution abstracts with indexes |x 0032-3624 | |
| 510 | 2 | |a Safety science abstracts journal |x 0160-1342 | |
| 530 | |a Also available via World Wide Web; |b OCLC FirstSearch Electronic Collections Online; |c Subscription required for access to abstracts and full text. | ||
| 650 | 0 | |a Information storage and retrieval systems |v Periodicals. | |
| 650 | 0 | |a Information science |v Periodicals. | |
| 650 | 3 | |a Information storage and retrieval systems |v Periodicals. | |
| 650 | 3 | |a Information science |v Periodicals. | |
| 776 | 1 | |t Information services & use (Online) |w (OCoLC)41949073 | |
| 780 | 0 | 5 | |t Infomediary |x 0169-2763 |w (DLC) 88659344 |w (OCoLC)12991645 |
| 856 | 4 | |u http://firstsearch.oclc.org |z Address for accessing the journal using authorization number and password through OCLC FirstSearch Electronic Collections Online. Subscription to online journal required for access to abstracts and full text | |
| 856 | 4 | |u http://firstsearch.oclc.org/journal=0167-5265;screen=info;ECOIP |z Address for accessing the journal from an authorized IP address through OCLC FirstSearch Electronic Collections Online. Subscription to online journal required for access to abstracts and full text | |
| 852 | 8 | |b CARM |h A2:AN31B0 |i F00314 |p 0265886 |f SE | |
| 852 | 8 | |b CARM |h A2:AN31B0 |i F00320 |p 0265885 |f SE | |
| 852 | 8 | |b CARM |h A2:AE32H0 |i F00824 |p 0312866 |f SE | |
| 852 | 8 | |b CARM |h A3:AI05D0 |i F07662 |p 0554680 |f SE | |
| 866 | 0 | |a 13:1(1993)-25:4(2005) Inc. | |
| 866 | 0 | |a 13:1(1993)-25:4(2005) Inc. | |
| 999 | f | f | |i 09c4532f-9f8e-586f-a263-0cc3224c1b72 |s d93b4bb0-e804-5748-82d5-cab757f623e1 |
| 952 | f | f | |p Can circulate |a CAVAL |b CAVAL |c CAVAL |d CARM 1 Store |e F00824 |f A2:AE32H0 |h Other scheme |i book |k 24:1(2004)-24:2(2004);24:4(2004);25:3.4(2005) |m 0312866 |
| 952 | f | f | |p Can circulate |a CAVAL |b CAVAL |c CAVAL |d CARM 1 Store |e F00314 |f A2:AN31B0 |h Other scheme |i book |k 13:1(1993)-14:4(1994),16:1(1996)-19:4(1999) |m 0265886 |
| 952 | f | f | |p Can circulate |a CAVAL |b CAVAL |c CAVAL |d CARM 1 Store |e F07662 |f A3:AI05D0 |h Other scheme |i book |k 23:4(2003) |m 0554680 |
| 952 | f | f | |p Can circulate |a CAVAL |b CAVAL |c CAVAL |d CARM 1 Store |e F00320 |f A2:AN31B0 |h Other scheme |i book |k 20:1(2000)-23:2/3(2003),24:3(2004) |m 0265885 |